000 00659nam a22001937a 4500
005 20100813165243.0
010 _aENG-100031
020 _a9788190752640
_c200.00
035 _aEN-83563
037 _bDBAD/PUB
082 _a005.43
100 _aGanesh Babu,V.
_913627
245 _aModern operating system /
_cby V.Ganesh Babu
260 _aSivakasi
_bSri Balaji Printers & Publishers,
_c2008
270 _bSivakasi
300 _a120p.
_c26cm (pbk)
942 _2ddc
_cEN
_h005.43
_mGAN
999 _c41768
_d41768